| 000 | 00559nam a2200193Ia 4500 | ||
|---|---|---|---|
| 003 | GCL | ||
| 008 | 140319s9999 xx 000 0 eng d | ||
| 020 | _a977\424\224\6 | ||
| 040 |
_aGCL / _cGCL |
||
| 082 | 0 | 4 |
_aCC _b639.21 _bB F |
| 100 | 1 | _aBREWER, DOHGLAS J. | |
| 245 | 1 | 0 |
_aFISH AND FISHING IN ANCIENT EGYPT / _cBREWER, DOHGLAS J. |
| 700 | 1 | _aFRIEDMAN, RENE'E F. | |
| 260 |
_aالقاهرة : _bTHE AMERICAN UNIVERSITY IN CAIRO PRESS ، _c1990 |
||
| 300 |
_a109 P _bILLS. ؛ _c25 cm. |
||
| 650 | 0 | 4 | _aEGYPT |
| 650 | 0 | 4 | _aANCIENT EGYPT |
| 942 |
_2ddc _cBK |
||
| 999 |
_c14363 _d14363 |
||